| 000 | 03589cam a22004937i 4500 | ||
|---|---|---|---|
| 001 | 20105401 | ||
| 003 | OSt | ||
| 005 | 20240221093623.0 | ||
| 008 | 171030t20182018gauae b 001 0beng d | ||
| 010 | _a 2017959200 | ||
| 020 | _a9780820352084 (hbk.) | ||
| 020 | _a082035208X (hbk.) | ||
| 035 | _a(OCoLC)ocn985079590 | ||
| 040 |
_aBTCTA _beng _cBTCTA _erda _dYDX _dGUA _dOCLCO _dCDX _dNZAUC _dOCLCF _dWLU _dAZU _dZQP _dUIU _dOCLCQ _dCOD _dAU@ _dAGL _dCLE _dDLC |
||
| 042 | _alccopycat | ||
| 043 | _an-us--- | ||
| 050 | 0 | 0 |
_aSB470.S48 _bT36 2018 |
| 082 | 0 | 4 |
_a712.092 _223 _bTAN |
| 100 | 1 |
_aTankard, Judith B., _eauthor. _9120934 |
|
| 240 | 1 | 0 | _aGardens of Ellen Biddle Shipman |
| 245 | 1 | 0 |
_aEllen Shipman and the American garden / _cJudith B. Tankard. |
| 250 | _aRevised and expanded edition. | ||
| 260 |
_aAmherst; _bLibrary of American Landscape History: _c2018. |
||
| 300 |
_axii, 298 pages : _billustrations (some color), plans ; _c29 cm |
||
| 504 | _aIncludes bibliographical references (pages 277-286) and index. | ||
| 505 | 0 | _aEarly years -- Life in the Cornish colony -- Collaboration with Charles Platt -- A style of her own -- The New York office -- Artistic maturity -- The border -- A grander scope -- Wild gardens -- The Great Depression and the lure of Europe -- Public and institutional projects -- Last years. | |
| 520 | _a"Between 1914 and 1950, Ellen Biddle Shipman (1869-1950) designed more than 650 gardens, and her commissions spanned the United States, from Long Island's Gold Coast to the state of Washington. In high demand for her formal gardens and lush planting style, her elite clients included Fords, Rockefellers, Astors, and du Ponts. Shipman's imaginative approach merged elements from the Colonial Revival and Arts and Crafts movements with a distinctive ability to create sensual, secluded landscapes. In Ellen Shipman and the American Garden author Judith B. Tankard describes Shipman's remarkable life and discusses fifty of her major works, including the Stan Hywet Gardens in Akron, Ohio; Longue Vue Gardens in New Orleans; and Sarah P. Duke Gardens at Duke University. Richly illustrated with plans and photographs, this expanded and revised edition reveals Shipman's ability to combine plants for dramatic impact and create spaces of the utmost intimacy. Tankard also examines Shipman's unusual life, including a childhood on the American frontier; years in the artists' colony of Cornish, New Hampshire; and her long association with artist and architect Charles Platt. Shipman was also notable for establishing a thriving New York City practice and acting as an advocate for women in the profession, as she trained several other successful designers in her all-female office."-- | ||
| 600 | 1 | 0 |
_aShipman, Ellen, _d1869-1950. _9120935 |
| 600 | 1 | 7 |
_aShipman, Ellen, _d1869-1950. _2fast _9120935 |
| 650 | 0 |
_aWomen landscape architects _zUnited States _vBiography. _9120936 |
|
| 650 | 0 |
_aLandscape architects _zUnited States _vBiography. _9120937 |
|
| 650 | 0 |
_aGardens _zUnited States _xDesign. _9120938 |
|
| 650 | 0 |
_aLandscape architecture _zUnited States. _933865 |
|
| 650 | 7 |
_aGardens. _2fast _9120939 |
|
| 650 | 7 |
_aGardens _xDesign. _2fast _9120940 |
|
| 650 | 7 |
_aWomen landscape architects. _2fast _9120941 |
|
| 651 | 7 |
_aUnited States. _2fast _910431 |
|
| 655 | 7 |
_aBiographies. _2lcgft _933106 |
|
| 906 |
_a7 _bcbc _ccopycat _d2 _eepcn _f20 _gy-gencatlg |
||
| 942 |
_2ddc _cBK _aSADA _k712.092 TAN 2018 |
||
| 999 |
_c607943 _d607943 |
||